| 000 | 01303cam a22002533a 4500 | ||
|---|---|---|---|
| 001 | 11366 | ||
| 003 | PGUSA | ||
| 005 | 20140828083236.0 | ||
| 008 | 040201s2004||||xxu|||||s|||||000 | eng d | ||
| 040 |
_aPGUSA _beng |
||
| 042 | _adc | ||
| 050 | 4 | _aPT | |
| 245 | 1 | 4 |
_aThe German Classics of the Nineteenth and Twentieth Centuries, Volume 02 : _bMasterpieces of German Literature Translated into English. in Twenty Volumes _h[electronic resource] |
| 260 |
_bProject Gutenberg, _c2004 |
||
| 505 | 0 | _aIntroduction to the Elective Affinities. By Calvin Thomas -- GOETHE: The Elective Affinities. -- Shakespeare and Again Shakespeare. -- Oration on Wieland. -- The Pedagogic Province (from "Wilhelm Meister's Travels"). -- Winckelmann and His Age. -- Maxims and Reflections. -- Eckermann's Conversation with Goethe. -- Goethe's Correspondence with Wilhelm von Humboldt and His Wife. -- Goethe's Correspondence with K. F. Zelter. | |
| 506 | _aPublic domain in the USA. | ||
| 516 | _aElectronic text | ||
| 653 | _aGerman literature -- 20th century -- Translations into English | ||
| 653 | _aGerman literature -- 19th century -- Translations into English | ||
| 700 | 1 |
_aFrancke, Kuno, _d1855-1930 |
|
| 830 | 0 |
_aProject Gutenberg _v11366 |
|
| 856 | 4 | 0 | _uhttp://www.gutenberg.org/ebooks/11366 |
| 942 | _cEB | ||
| 999 |
_c240621 _d240621 |
||